000 00772nam a22002417a 4500
001 39646
003 UA-OsUOA
005 20200504154702.0
007 ta
008 20060623b un ||||| |||| 00| 0 ukr d
020 _a966-8252-25-3
040 _aUA-OsUOA
_bukr
_cUA-OsUOA
_dUA-OsUOA
041 _aukr
080 _a330.10(075)
090 _a330.10(075)
_bП49
245 _aПолітична економія
_bнавчальний посібник
_cО. С. Степура, О. С. Єремєєв,, Т. Ю. Пономарьова
260 _aК.
_bКондор
_c2006
300 _a408 с.
650 7 _a330 Економіка взагалі
_2UDC
942 _cBK
_2udc
955 _a2
999 _c325788
_d325788